| 000 | 00676nam a2200205 a 4500 | ||
|---|---|---|---|
| 003 | MX-MxUPN | ||
| 005 | 20220617124239.0 | ||
| 008 | 220615s1955 mx |||||r|||| 000 0 spa d | ||
| 040 |
_aMX-MxUPN _bspa _cMX-MxUPN |
||
| 041 | 0 | _aspa | |
| 050 | 1 | 4 |
_aLB1645 M6 _bL323 |
| 100 | 1 |
_aLandaverde, Felipe de Jesús _944882 |
|
| 245 | 1 | 0 |
_aCurso de geometría : _bpara secundaria y preparatoria : soluciones de los ejercicios |
| 250 | _aPrimera edición. | ||
| 260 |
_aMéxico, D.F. : _bProgreso, _c1955. |
||
| 300 | _a176 páginas. | ||
| 650 | 4 |
_aGeometría _xEstudio y enseñanza (Secundaria) _99157 |
|
| 650 | 4 |
_aGeometría _vProblemas, ejercicios, etc. _99158 |
|
| 942 |
_2lcc _cLIBRO |
||
| 999 |
_c208621 _d208621 |
||